000 00708nam a2200193 a 4500
008 120416s1993 ||||||||||||||||| || u
020 _a0821327186
050 _aIBRD(06)CS/1993/27
110 _aWorld Bank
245 1 0 _aRussia: banking system during transition
260 _aWashington, D. C.
_bWorld Bank
_c1993
300 _ax, 61p. : ill.
350 _a0.00
490 _aWorld Bank Country Study
650 _aFINANCE--RUSSIA (FEDERATION)
650 _aPOST - COMMUNISM--RUSSIA (FEDERATION)
650 _aBANKS AND BANKING--RUSSIA (FEDERATION)
995 _D0.00
_FCBU-MAIN LIBRARY (Kitwe)
_H1
_I0.00
_M1
_UAVAILABLE
_ZInternational Publications
999 _c56857
_d56857